000 00723nam a2200205Ia 4500
999 _c39735
_d39735
001 6340
003 GE_BSU
005 20191003110829.0
008 181216s1967||||ge |||||||||||||| ||geo||
040 _cGE_BSU
041 _ageo
080 _a821.353.1-311.6 ბ-27
100 _aბარნოვი, ვასილ
_94407
245 _aმიმქრალი შარავანდედი :
_bისტორიული რომანი /
264 _aთბილისი :
_bნაკადული ;
_c1967.
300 _a166 გვ.;
_c20 სმ.
653 _aმიმქრალი შარავანდედი
653 _aისტორიული რომანი
942 _cBK
_2udc